|
|
|
|
| LEADER |
00964nam a22002297a 4500 |
| 001 |
38315 |
| 003 |
BD-DhAAL |
| 008 |
220407t2005 ii ||||| |||| 00| 0 ben d |
| 999 |
|
|
|c 44018
|d 44018
|
| 020 |
|
|
|a 8177564463
|
| 040 |
|
|
|a BD-DhAAL
|c BD-DhAAL
|
| 082 |
|
|
|a 891.443
|2 23
|
| 100 |
|
|
|a রায়, তারাপদ
|9 47824
|
| 245 |
|
|
|a রম্যরচনা
|n ৩৬৫ /
|c তারাপদ রায়
|
| 260 |
|
|
|a কলকাতা :
|b আনন্দ পাবলিশার্স,
|c ২০০৫.
|
| 300 |
|
|
|a ৭৭৩ পৃষ্ঠা ;
|c ২৫ সে.মি.
|
| 541 |
|
|
|a Donated By Akbar Ali Khan
|e 38315
|
| 650 |
|
|
|a Short stories, Bengali.
|9 47825
|
| 650 |
|
|
|a Bengali wit and humor.
|9 47826
|
| 852 |
|
|
|a Ayesha Abed Library
|c Akbar Ali Khan Collection
|
| 942 |
|
|
|2 ddc
|c BK
|
| 952 |
|
|
|0 0
|1 0
|2 ddc
|4 0
|6 891_443000000000000_ROY
|7 1
|9 70466
|a BRACUL
|b BRACUL
|c AAKC
|d 2022-04-07
|e Donated by Akbar Ali Khan
|l 0
|o 891.443 ROY
|p 3010038315
|r 2022-04-07
|t 1
|w 2022-04-07
|y BK
|